000 00500cam a22002171 4500
001 sa 66002686
003 DLC
005 20260227112231.0
008 890629s1965 ii 000 1 hino
010 _asa 66002686
035 _a(OCoLC)19946768
040 _aDLC
_cWaU
_dDLC
042 _apremarc
050 0 0 _aPK2098.12.C9
_bM5
100 0 _aAcyuta.
245 1 0 _aMiṭṭī kā kaṇa.
260 _c[1965]
300 _a140 p.
_c22 cm.
500 _aIn Hindi.
500 _aShort stories.
999 _c68538
_d68538